UM Logo

Human resource management: (Record no. 3411)

MARC details
000 -LEADER
fixed length control field 00730nam a22002057a 4500
008 - FIXED-LENGTH DATA ELEMENTS--GENERAL INFORMATION
fixed length control field 160715b xxu||||| |||| 00| 0 eng d
020 ## - INTERNATIONAL STANDARD BOOK NUMBER
International Standard Book Number 0-13-180985-7
082 ## - DEWEY DECIMAL CLASSIFICATION NUMBER
Classification number DC 658.3 C23 1995
100 ## - MAIN ENTRY--PERSONAL NAME
9 (RLIN) 11380
Personal name Carrel, Michael R.
245 ## - TITLE STATEMENT
Title Human resource management:
Remainder of title global strategies for managing a diverse workforce/
Statement of responsibility, etc. Michael R. Carrel, Norbert F. Elbert and Robert D. Hatfield.
250 ## - EDITION STATEMENT
Edition statement Fifth edition.
260 ## - PUBLICATION, DISTRIBUTION, ETC. (IMPRINT)
Place of publication, distribution, etc. New Jersey:
Name of publisher, distributor, etc. Prentice Hall,
Date of publication, distribution, etc. c1995.
300 ## - PHYSICAL DESCRIPTION
Extent xxii, 810 pages;
Dimensions 25 cm.
500 ## - GENERAL NOTE
General note Includes index.
650 #0 - SUBJECT ADDED ENTRY--TOPICAL TERM
9 (RLIN) 11385
Topical term or geographic name as entry element Human Resource Management.
650 #0 - SUBJECT ADDED ENTRY--TOPICAL TERM
9 (RLIN) 11386
Topical term or geographic name as entry element Personnel Management.
700 ## - ADDED ENTRY--PERSONAL NAME
9 (RLIN) 11381
Personal name Elbert, Norbert F.
700 ## - ADDED ENTRY--PERSONAL NAME
9 (RLIN) 11382
Personal name Hatfield, Robert D.
942 ## - ADDED ENTRY ELEMENTS (KOHA)
Source of classification or shelving scheme Dewey Decimal Classification
Koha item type Circulation
Holdings
Withdrawn status Lost status Source of classification or shelving scheme Damaged status Not for loan Collection code Home library Current library Date acquired Total Checkouts Full call number Barcode Date last seen Copy number Price effective from Koha item type
    Dewey Decimal Classification     Circulation UM Digos College - LIC UM Digos College - LIC 07/15/2016   DC 658.3 C23 1995 14153 06/08/2021 1 07/15/2016 Circulation